[Event "Arco op 32nd"]
[Site "Arco"]
[Date "2010.10.23"]
[Round "8"]
[White "De Minico, Stefano"]
[Black "Salati, Paolo"]
[Result "0-1"]
[WhiteElo "1921"]
[BlackElo "1861"]
[PlyCount "96"]
[EventDate "2010.10.16"]
[EventType "swiss"]
[EventRounds "9"]
[EventCountry "ITA"]
[SourceTitle "EXT 2024"]
[Source "ChessBase"]
[SourceDate "2023.10.10"]
[SourceVersion "1"]
[SourceVersionDate "2023.10.10"]
[SourceQuality "1"]

1. c4 e5 2. Nc3 Nf6 3. d3 Nc6 4. g3 Be7 5. Bg2 0-0 6. Nf3 d6 7. Be3 Re8 8. Qd2 d5 9. cxd5 Nxd5 10. 0-0 Nxe3 11. fxe3 Bb4 12. Rf2 f6 13. Raf1 Be6 14. h3 Qd7 15. Kh2 Rad8 16. e4 Bc5 17. d4 Nxd4 18. Nxd4 Bxd4 19. e3 Bb6 20. Qe2 Qf7 21. b3 c6 22. g4 Qg6 23. Na4 Ba5 24. Nc5 Rd2 25. Qf3 Rxf2 26. Rxf2 Bc8 27. Qd1 Rd8 28. Qc2 h6 29. Qc4+ Qf7 30. Bf1 b5 31. Qc2 Qe7 32. a3 Bb6 33. b4 a5 34. Rd2 Rxd2+ 35. Qxd2 a4 36. Kg2 Kf8 37. Qc2 Qd6 38. Kf3 g5 39. h4 Bxc5 40. bxc5 Qe6 41. Bh3 Qe7 42. Qd2 Qd7 43. Qc3 Qd8 44. Ke2 Be6 45. Kf3 Bb3 46. Qc1 Qd1+ 47. Qxd1 Bxd1+ 48. Kg3 b4 0-1